000 02412cam a2200289 4500500
005 20260322005540.0
041 _afre
042 _adc
100 1 0 _aNocquet, Dany
_eauthor
245 0 0 _aBible hébraïque et pensée laïque, lointaines proximités et résonances atemporelles ?
260 _c2021.
500 _a56
520 _aAborder la thématique de la laïcité au regard de l’Ancien Testament présente le risque de l’anachronisme, c’est pourquoi Dany Nocquet aborde la thématique sous trois aspects qui peuvent faire écho à une compréhension laïque du monde. Le premier établit que l’Ancien Testament introduit une distanciation entre pouvoir politique et religion dans un univers culturel ou les pouvoirs royal et religieux sont intimement liés. Le second, en discussion avec Jan Assmann, montre comment certains passages travaillent le monothéisme yahwiste en l’ouvrant à une acceptation de croyances différentes. Le troisième souligne combien une partie de la pensée biblique révise la représentation exclusive d’Israël pour envisager une élection partagée et une accessibilité décloisonnée au divin.
520 _aAddressing the theme of secularism in the light of the Old Testament carries the risk of anachronism, which is why the author approaches the subject from three aspects which can echo a secular comprehension of the world. The first is that the Old Testament introduces distanciation between political power and religion in a cultural universe where royal and religious powers are closely linked. The second, in discussion with Jan Assmann, shows how certain passages work on Yahwistic monotheism by opening it up to acceptation of different beliefs. The third highlights how part of biblical thinking revises the exclusive representation of Israel to consider shared election and decompartmentalised accessibility to the divine.
690 _aAncien Testament
690 _aexclusivisme
690 _aJan Assmann
690 _alaïcité
690 _amonothéisme
690 _apluralité
690 _apolitique
690 _aProche-Orient ancien
690 _areligion
690 _auniversalisme
786 0 _nÉtudes théologiques et religieuses | 95 | 4 | 2021-01-04 | p. 603-623 | 0014-2239
856 4 1 _uhttps://shs.cairn.info/revue-etudes-theologiques-et-religieuses-2020-4-page-603?lang=fr&redirect-ssocas=7080
999 _c1749372
_d1749372